1217 1443 1028 1234 1344 1822 1594 1652 1096 1180 1736 1418 1911 1111 1610 1253 1715 1349 1073 1250 1379 1657 1994 1944 1732 1987 1940 1717 1520 1368 1707 1958 1316 1164 1891 1807 1487 1243 1771 1571 1311 1972 1964 1100 1516 1614 1088 1644 1879 1795 1223 1038 1063 1191 1469 1337 1321 1030 1997 1768 1599 1734 1953 1092 1185 1599 1488 1118 1921 1385 1072 1169 1030 1678 1331 1538 1827 1618 1650 1609 1598 1244 1847 1637 1673 1156 1745 1139 1526 1802 1263 1788 1613 1868 1116 1098 1686 1801 1705 BCNSPRNW ULIB Ver.6.0+V

เปลี่ยนเป็นภาษาไทย

Change to English
 แสดงรายละเอียดบรรณานุกรม
  กลับหน้าหลัก

Brief Record : Get Marc (ISO 2709) : E-mail record : QR code < ปิดหน้าต่าง
LEADER : 00000nam 2200000uu 4500
001    13399113275
003     ULIB
008    111005s2551||||th 000 0 tha d
020    9789740596868
050 04 TT890^bศ839ก 2551
100 0  เศรษฐพงศ์ อัปมะเย
245 10 การประดิษฐ์พานรับน้ำ /^cเศรษฐพงศ์ อัปมะเย
250    พิมพ์ครั้งที่ 1
260    กรุงเทพฯ :^bวาดศิลป์,^c2551
300    64 หน้า :^bภาพประกอบ ;^c26 ซม
440  0 โครงการหนังสืออนุรักษ์และส่งเสริมศิลปวัฒนธรรมไทย
650  7 การจัดดอกไม้
650  7 การประดิษฐ์ด้วยใบตอง
650  7 มาลัย
945    ^p160^l0^i027690
995    ทศพร
999 ^a ทศพร
รายการนี้ยังไม่มีแท็ก
คุณยังไม่ได้ล็อกอิน คุณสามารถมีกิจกรรมร่วมกับเว็บไซต์ได้ แต่ต้องล็อกอินก่อน ::
  ล็อกอิน

รายการสื่อสารสนเทศ

ลำดับที่ ประเภท เลขเรียก/บาร์โค้ด สถานที่ สถานะ
- ไม่พบข้อมูล -

รายการใกล้เคียง
    ผู้แต่ง [เศรษฐพงศ์ อัปมะเย]

    หัวเรื่อง [การจัดดอกไม้]
    หัวเรื่อง [การประดิษฐ์ด้วยใบตอง]
    หัวเรื่อง [มาลัย]

BibComment


ยังไม่เคยถูกคอมเมนท์

คอมเมนท์ทรัพยากรรายการนี้
  คอมเมนท์: การประดิษฐ์พานรับ..


 Copyright 2026. Bcnsprnw @Library